[Event "GER-ch Net Amateur Gr-C Final"]
[Site "Playchess.com INT"]
[Date "2020.04.18"]
[Round "3"]
[White "Helmer, Andreas"]
[Black "Hartmann, Lasse Elias"]
[Result "1-0"]
[WhiteElo "1695"]
[BlackElo "1580"]
[PlyCount "55"]
[EventDate "2020.04.18"]
[EventType "swiss (blitz)"]
[EventRounds "13"]
[EventCountry "GER"]
[SourceTitle "CBM 195 Extra"]
[Source "ChessBase"]
[SourceDate "2020.05.31"]
[SourceVersion "1"]
[SourceVersionDate "2020.05.31"]
[SourceQuality "1"]

1. d4 c5 2. e3 e6 3. Nf3 d5 4. b3 cxd4 5. exd4 Nf6 6. Bd3 a6 7. Bb2 Bb4+ 8. Nbd2 Nc6 9. 0-0 Bd6 10. Ne5 Bxe5 11. dxe5 Nd7 12. f4 Nb4 13. Be2 Qc7 14. a3 Nxc2 15. Rc1 Qc5+ 16. Kh1 Ne3 17. Qe1 Qb6 18. Rf3 Nf5 19. Bd3 Nd4 20. Rg3 Nxb3 21. Nxb3 Qxb3 22. Bd4 Qxa3 23. Bxh7 Qf8 24. Bd3 Rh6 25. f5 Qh8 26. h3 exf5 27. Bxf5 Nb8 28. Rxc8+ 1-0

[Event "GER-ch Net Amateur Gr-C Final"]
[Site "Playchess.com INT"]
[Date "2020.04.18"]
[Round "11"]
[White "Helmer, Andreas"]
[Black "Koholka, Jan"]
[Result "1/2-1/2"]
[WhiteElo "1695"]
[BlackElo "1814"]
[PlyCount "57"]
[EventDate "2020.04.18"]
[EventType "swiss (blitz)"]
[EventRounds "13"]
[EventCountry "GER"]
[SourceTitle "CBM 195 Extra"]
[Source "ChessBase"]
[SourceDate "2020.05.31"]
[SourceVersion "1"]
[SourceVersionDate "2020.05.31"]
[SourceQuality "1"]

1. Nf3 d5 2. d4 Nf6 3. e3 Bf5 4. c4 e6 5. cxd5 exd5 6. Nc3 c6 7. Be2 Bd6 8. 0-0 Qc7 9. b3 Bg4 10. Bb2 Bxf3 11. Bxf3 Bxh2+ 12. Kh1 Bd6 13. g3 Nbd7 14. Kg2 h5 15. Rh1 a6 16. Qe2 0-0-0 17. Bxh5 Nf8 18. Bg4+ Ne6 19. Rxh8 Rxh8 20. Rh1 Qd8 21. Rxh8 Qxh8 22. e4 Nxe4 23. Nxe4 dxe4 24. Bxe6+ fxe6 25. Qxe4 Qh6 26. f4 Kd7 27. Bc3 Qh5 28. a4 Qd5 29. Qxd5 1/2-1/2

[Event "GER-ch Net Amateur Gr-C Vor3"]
[Site "Playchess.com INT"]
[Date "2020.04.16"]
[Round "2"]
[White "Helmer, Andreas"]
[Black "Birk, Wilfried Christoph"]
[Result "1-0"]
[WhiteElo "1605"]
[BlackElo "1259"]
[PlyCount "39"]
[EventDate "2020.04.16"]
[EventType "swiss (blitz)"]
[EventRounds "9"]
[EventCountry "GER"]
[SourceTitle "CBM 195 Extra"]
[Source "ChessBase"]
[SourceDate "2020.05.31"]
[SourceVersion "1"]
[SourceVersionDate "2020.05.31"]
[SourceQuality "1"]

1. d4 d5 2. Nf3 Nf6 3. e3 e6 4. Bd3 Bd6 5. 0-0 Nbd7 6. b3 0-0 7. Bb2 c5 8. Ne5 cxd4 9. exd4 Qc7 10. f4 Ne4 11. Nd2 f6 12. Nxe4 dxe4 13. Bxe4 fxe5 14. fxe5 Be7 15. Qh5 h6 16. Qg6 Rxf1+ 17. Rxf1 Nf8 18. Qf7+ Kh8 19. Qxf8+ Bxf8 20. Rxf8# 1-0

[Event "GER-ch Net Amateur Gr-C Vor3"]
[Site "Playchess.com INT"]
[Date "2020.04.16"]
[Round "5"]
[White "Helmer, Andreas"]
[Black "Koholka, Jan"]
[Result "1-0"]
[WhiteElo "1605"]
[BlackElo "1787"]
[PlyCount "103"]
[EventDate "2020.04.16"]
[EventType "swiss (blitz)"]
[EventRounds "9"]
[EventCountry "GER"]
[SourceTitle "CBM 195 Extra"]
[Source "ChessBase"]
[SourceDate "2020.05.31"]
[SourceVersion "1"]
[SourceVersionDate "2020.05.31"]
[SourceQuality "1"]

1. Nf3 d5 2. d4 Nf6 3. e3 e6 4. Bd3 Bd6 5. 0-0 0-0 6. b3 b6 7. Bb2 Ba6 8. c4 c5 9. Nbd2 Nc6 10. Ne5 Qc7 11. f4 Nd7 12. Rc1 f6 13. Qh5 f5 14. g4 Bxe5 15. fxe5 g6 16. Qg5 Qd8 17. Qxd8 Raxd8 18. gxf5 gxf5 19. Nf3 Nb4 20. Bb1 Kh8 21. a3 Nc6 22. cxd5 exd5 23. Rf2 Rg8+ 24. Kh1 Rdf8 25. e6 Nf6 26. dxc5 bxc5 27. Rxc5 Ne7 28. Ne5 Ng6 29. Nd7 Kg7 30. Bxf6+ Rxf6 31. Nxf6 Kxf6 32. Bxf5 Ke5 33. Bxg6 hxg6 34. e7 Re8 35. Rc7 Ke6 36. Rxa7 Bd3 37. Rf8 Rxe7 38. Rxe7+ Kxe7 39. Rb8 Kd7 40. Rb6 Kc7 41. Rf6 Kb7 42. Kg2 Bc2 43. b4 Be4+ 44. Kf2 Kc7 45. Kg3 Kd7 46. Kf4 Kc7 47. Ke5 Kb7 48. Kd4 Ka7 49. Rd6 Kb7 50. Rxd5 Bf5 51. Rxf5 gxf5 52. Ke5 1-0

[Event "GER-ch Net Amateur Gr-C Vor3"]
[Site "Playchess.com INT"]
[Date "2020.04.16"]
[Round "8"]
[White "Segermann, Nils"]
[Black "Helmer, Andreas"]
[Result "1/2-1/2"]
[WhiteElo "1821"]
[BlackElo "1605"]
[PlyCount "105"]
[EventDate "2020.04.16"]
[EventType "swiss (blitz)"]
[EventRounds "9"]
[EventCountry "GER"]
[SourceTitle "CBM 195 Extra"]
[Source "ChessBase"]
[SourceDate "2020.05.31"]
[SourceVersion "1"]
[SourceVersionDate "2020.05.31"]
[SourceQuality "1"]

1. e4 c5 2. Bc4 Nc6 3. a3 g6 4. d3 Bg7 5. c3 e6 6. Ne2 Nge7 7. 0-0 0-0 8. f4 d5 9. exd5 exd5 10. Bb5 a6 11. Bxc6 Nxc6 12. Nd2 b5 13. Nb3 c4 14. dxc4 dxc4 15. Qxd8 Rxd8 16. Nc5 Rd5 17. Be3 Bg4 18. Ng3 Re8 19. Bf2 h5 20. Rae1 Rxe1 21. Rxe1 Bf8 22. Nce4 Kg7 23. h3 Bc8 24. Re2 a5 25. Rd2 Rxd2 26. Nxd2 Be6 27. Nge4 b4 28. axb4 axb4 29. Ng5 Bf5 30. Nxc4 bxc3 31. bxc3 f6 32. Nf3 Bd3 33. Ncd2 Ba3 34. c4 Bb4 35. c5 Kf7 36. Nb3 Bc4 37. Nbd4 Nxd4 38. Bxd4 Bd5 39. Kf2 Ke6 40. g4 hxg4 41. hxg4 Bxf3 42. Kxf3 f5 43. gxf5+ gxf5 44. Be3 Kd5 45. Kg3 Bxc5 46. Bc1 Ke4 47. Bd2 Be3 48. Ba5 Bxf4+ 49. Kf2 Be3+ 50. Ke2 f4 51. Be1 f3+ 52. Kf1 Kd3 53. Bh4 1/2-1/2

[Event "GER-ch Net Amateur Gr-C Vor2"]
[Site "Playchess.com INT"]
[Date "2020.04.15"]
[Round "3"]
[White "Helmer, Andreas"]
[Black "Weckerle, Anatol"]
[Result "0-1"]
[WhiteElo "1471"]
[BlackElo "1242"]
[PlyCount "44"]
[EventDate "2020.04.15"]
[EventType "swiss (blitz)"]
[EventRounds "9"]
[EventCountry "GER"]
[SourceTitle "CBM 196 Extra"]
[Source "ChessBase"]
[SourceDate "2020.07.31"]
[SourceVersion "1"]
[SourceVersionDate "2020.07.31"]
[SourceQuality "1"]

1. d4 Nf6 2. Nf3 e6 3. e3 c5 4. Bd3 a6 5. b3 b5 6. Bb2 Qc7 7. c4 bxc4 8. bxc4 Bb7 9. 0-0 Bd6 10. Nbd2 0-0 11. Ne5 Bxe5 12. dxe5 Ne8 13. f4 Nc6 14. Rf3 Nb4 15. Be4 Bxe4 16. Nxe4 f5 17. Nd6 Nxd6 18. Qxd6 Qxd6 19. exd6 Nd3 20. Bc3 Rab8 21. Rd1 Nb4 22. Rg3 g6 0-1

[Event "GER-ch Net Amateur Gr-C Vor1"]
[Site "Playchess.com INT"]
[Date "2020.04.14"]
[Round "1"]
[White "Stein, Daniel2222"]
[Black "Helmer, Andreas"]
[Result "0-1"]
[WhiteElo "1620"]
[BlackElo "1490"]
[PlyCount "80"]
[EventDate "2020.04.14"]
[EventType "swiss (blitz)"]
[EventRounds "9"]
[EventCountry "GER"]
[SourceTitle "CBM 196 Extra"]
[Source "ChessBase"]
[SourceDate "2020.07.31"]
[SourceVersion "1"]
[SourceVersionDate "2020.07.31"]
[SourceQuality "1"]

1. e4 c5 2. d3 Nc6 3. Nf3 b6 4. d4 cxd4 5. Bc4 e5 6. c3 Bb7 7. 0-0 Na5 8. Na3 Bxa3 9. bxa3 Nxc4 10. Qd3 b5 11. cxd4 f6 12. dxe5 Nxe5 13. Nxe5 fxe5 14. Bd2 a6 15. Bb4 Nf6 16. Rfe1 Rc8 17. Bd6 Rc4 18. Rac1 Bxe4 19. Rxe4 Nxe4 20. Rxc4 bxc4 21. Qxe4 Qb6 22. Qxe5+ Kf7 23. Qe7+ Kg6 24. Qe4+ Kf7 25. Qf5+ Ke8 26. Qh5+ g6 27. Qf5 gxf5 28. h3 Qxd6 29. g3 Qxa3 30. Kg2 Qxa2 31. h4 c3 32. Kf3 c2 33. Ke2 c1Q+ 34. Kf3 Qaa3+ 35. Kg2 Qc6+ 36. Kh3 Qaa4 37. Kh2 Qg4 38. Kg1 Qh3 39. f3 Qc1+ 40. Kf2 Qhf1# 0-1

[Event "GER-ch Net blitz qual4"]
[Site "Playchess.com INT"]
[Date "2020.03.23"]
[Round "1"]
[White "Helmer, Andreas"]
[Black "Perestjuk, Marko"]
[Result "0-1"]
[WhiteElo "1488"]
[BlackElo "2126"]
[PlyCount "56"]
[EventDate "2020.03.23"]
[EventType "swiss (blitz)"]
[EventRounds "9"]
[EventCountry "GER"]
[SourceTitle "CBM 195 Extra"]
[Source "ChessBase"]
[SourceDate "2020.05.31"]
[SourceVersion "1"]
[SourceVersionDate "2020.05.31"]
[SourceQuality "1"]

1. d4 Nf6 2. g3 g6 3. Bg2 Bg7 4. Nc3 0-0 5. Bf4 d6 6. Qd2 Re8 7. 0-0-0 Nbd7 8. e4 e5 9. dxe5 Nxe5 10. Bxe5 Rxe5 11. f4 Re8 12. e5 Nd7 13. exd6 cxd6 14. Qxd6 Bxc3 15. bxc3 Qa5 16. Kb2 Nb6 17. Qb4 Qa6 18. Bf1 Na4+ 19. Ka1 Qc6 20. Bb5 Qxc3+ 21. Qxc3 Nxc3 22. Bxe8 Nxd1 23. Bb5 Nf2 24. Nh3 Nxh1 25. Bf1 Bxh3 26. Bxh3 Nf2 27. Bg2 Rb8 28. Kb2 f5 0-1

[Event "GER-ch Net blitz qual4"]
[Site "Playchess.com INT"]
[Date "2020.03.23"]
[Round "6"]
[White "Tropf, Peter"]
[Black "Helmer, Andreas"]
[Result "0-1"]
[WhiteElo "1196"]
[BlackElo "1488"]
[PlyCount "130"]
[EventDate "2020.03.23"]
[EventType "swiss (blitz)"]
[EventRounds "9"]
[EventCountry "GER"]
[SourceTitle "CBM 195 Extra"]
[Source "ChessBase"]
[SourceDate "2020.05.31"]
[SourceVersion "1"]
[SourceVersionDate "2020.05.31"]
[SourceQuality "1"]

1. d4 e6 2. Nf3 f5 3. e3 Nf6 4. Bd3 b6 5. c4 Bb7 6. Nc3 Bb4 7. Bd2 d6 8. 0-0 Nbd7 9. Qe2 0-0 10. a3 Bxc3 11. Bxc3 Ne4 12. d5 exd5 13. cxd5 Bxd5 14. Nd2 Nxc3 15. bxc3 Nf6 16. Nc4 Ne4 17. f3 Nxc3 18. Qc2 Bxc4 19. Bxc4+ d5 20. Qxc3 dxc4 21. Qxc4+ Kh8 22. Rac1 c5 23. Rfd1 Qf6 24. e4 fxe4 25. fxe4 Qf2+ 26. Kh1 h6 27. Rf1 Qd4 28. Qe2 Rxf1+ 29. Rxf1 Rd8 30. e5 Re8 31. e6 Qd6 32. h3 Qxe6 33. Qf2 Qe2 34. Qg1 Qa2 35. Rf3 Re2 36. Rf8+ Kh7 37. Rf7 Qxa3 38. Qb1+ Kg8 39. Qf1 c4 40. Rf8+ Qxf8 41. Qxe2 Qa3 42. Qxc4+ Kh8 43. Kh2 Qd6+ 44. Kg1 Qd1+ 45. Kh2 Qd6+ 46. Kg1 Qc5+ 47. Qxc5 bxc5 48. Kf2 Kg8 49. Ke3 Kf7 50. Kd3 Ke6 51. Kc4 Kd6 52. g4 a5 53. Kb3 Kd5 54. Kc2 Kd4 55. h4 a4 56. g5 hxg5 57. hxg5 g6 58. Kb2 Kd3 59. Ka3 c4 60. Kb2 Kd2 61. Ka3 c3 62. Ka2 c2 63. Kb2 c1Q+ 64. Ka2 Qc2+ 65. Ka3 Qb3# 0-1

[Event "GER-ch Net blitz qual2"]
[Site "Playchess.com INT"]
[Date "2020.03.16"]
[Round "7"]
[White "Helmer, Andreas"]
[Black "Bone, Karin"]
[Result "1-0"]
[WhiteElo "1488"]
[BlackElo "1252"]
[PlyCount "73"]
[EventDate "2020.03.16"]
[EventType "swiss (blitz)"]
[EventRounds "9"]
[EventCountry "GER"]
[SourceTitle "CBM 195 Extra"]
[Source "ChessBase"]
[SourceDate "2020.05.31"]
[SourceVersion "1"]
[SourceVersionDate "2020.05.31"]
[SourceQuality "1"]

1. d4 d5 2. Nf3 Nc6 3. e3 Be6 4. Bd3 Nf6 5. b3 g6 6. Nbd2 Bg7 7. Bb2 Qd7 8. 0-0 0-0-0 9. Ne5 Qd6 10. f4 h5 11. Ndf3 g5 12. Nxg5 h4 13. Ngxf7 Bxf7 14. Nxf7 Qe6 15. Nxd8 Nxd8 16. Qe2 h3 17. g3 Ng4 18. Rae1 Nf7 19. f5 Qh6 20. Qxg4 Ng5 21. f6+ e6 22. fxg7 Qxg7 23. Bc1 Rh6 24. e4 dxe4 25. Bxe4 Rg6 26. Bxg6 Qg8 27. Qxg5 Qg7 28. Bf7 Qg6 29. Bxe6+ Qxe6 30. Qd8+ Kxd8 31. Rxe6 Kd7 32. Rff6 c5 33. dxc5 b6 34. c6+ Kc7 35. Rf7+ Kd8 36. Bg5+ Kc8 37. Re8# 1-0

[Event "GER-ch Net blitz qual1"]
[Site "Playchess.com INT"]
[Date "2020.03.07"]
[Round "8"]
[White "Junge, Kai"]
[Black "Helmer, Andreas"]
[Result "1-0"]
[WhiteElo "2184"]
[BlackElo "1488"]
[PlyCount "63"]
[EventDate "2020.03.07"]
[EventType "swiss (blitz)"]
[EventRounds "9"]
[EventCountry "GER"]
[SourceTitle "CBM 195 Extra"]
[Source "ChessBase"]
[SourceDate "2020.05.31"]
[SourceVersion "1"]
[SourceVersionDate "2020.05.31"]
[SourceQuality "1"]

1. Nf3 e6 2. g3 f5 3. Bg2 Nf6 4. 0-0 b6 5. d3 Bb7 6. c4 d6 7. Nc3 Be7 8. Qc2 0-0 9. e4 Nbd7 10. Ng5 Nc5 11. d4 Bxe4 12. Ncxe4 Ncxe4 13. Nxe6 Qd7 14. Nxf8 Rxf8 15. f3 Nxg3 16. hxg3 Nh5 17. Qf2 f4 18. g4 Ng3 19. Re1 Bh4 20. Bd2 g5 21. Bc3 Ne4 22. Qc2 Bxe1 23. Qxe4 Bxc3 24. bxc3 Re8 25. Qd5+ Kh8 26. Qxg5 Qe6 27. Qxf4 Qe2 28. Rf1 Qxc4 29. Qf6+ Kg8 30. Qg5+ Kh8 31. f4 Qxa2 32. Bd5 1-0

[Event "GER-ch Net blitz qual1"]
[Site "Playchess.com INT"]
[Date "2020.03.07"]
[Round "4"]
[White "Tropf, Peter"]
[Black "Helmer, Andreas"]
[Result "0-1"]
[WhiteElo "1202"]
[BlackElo "1488"]
[PlyCount "38"]
[EventDate "2020.03.07"]
[EventType "swiss (blitz)"]
[EventRounds "9"]
[EventCountry "GER"]
[SourceTitle "CBM 195 Extra"]
[Source "ChessBase"]
[SourceDate "2020.05.31"]
[SourceVersion "1"]
[SourceVersionDate "2020.05.31"]
[SourceQuality "1"]

1. e4 c5 2. Nf3 Nc6 3. Bb5 a6 4. Bxc6 bxc6 5. 0-0 d5 6. d3 e6 7. Bf4 Nf6 8. Nbd2 Be7 9. e5 Nh5 10. Be3 d4 11. Nxd4 cxd4 12. Qxh5 dxe3 13. fxe3 0-0 14. Rf3 f5 15. exf6 Bxf6 16. Rh3 h6 17. Nf3 Qe8 18. Qg4 e5 19. e4 Bxg4 0-1

[Event "Niedersachsen-ch op B"]
[Site "Verden"]
[Date "2019.01.04"]
[Round "4"]
[White "Helmer, Andreas"]
[Black "Kieselbach, Marvin"]
[Result "0-1"]
[WhiteElo "1518"]
[BlackElo "1501"]
[PlyCount "74"]
[EventDate "2019.01.03"]
[EventType "swiss"]
[EventRounds "7"]
[EventCountry "GER"]
[SourceTitle "EXT 2022"]
[Source "ChessBase"]
[SourceDate "2021.10.06"]
[SourceVersion "1"]
[SourceVersionDate "2021.10.06"]
[SourceQuality "1"]

1. d4 Nf6 2. Bg5 e6 3. e3 d5 4. Bd3 Nbd7 5. Ne2 c6 6. Nd2 Bd6 7. e4 dxe4 8. Nxe4 Be7 9. Bd2 Nxe4 10. Bxe4 Nf6 11. Bd3 c5 12. c3 0-0 13. 0-0 b6 14. Bc2 Bb7 15. f3 Rc8 16. Rc1 cxd4 17. Nxd4 Qc7 18. Kh1 Rfd8 19. Re1 Bc5 20. Nb3 Bd6 21. Be4 Nxe4 22. fxe4 Bxh2 23. Qh5 Bg3 24. Red1 Bxe4 25. Qg4 Bg6 26. Nd4 Rd5 27. Rf1 Rh5+ 28. Kg1 Rh4 29. Qf3 Be4 30. Qe3 Bh2+ 31. Kf2 Rg4 32. Ke1 Bxg2 33. Qe2 Re4 34. Be3 Bxf1 35. Kxf1 Qe5 36. Nf3 Rxe3 37. Qxh2 Rxf3+ 0-1

[Event "Niedersachsen-ch op B"]
[Site "Verden"]
[Date "2018.01.06"]
[Round "5"]
[White "Rausch, Darius"]
[Black "Helmer, Andreas"]
[Result "1-0"]
[WhiteElo "1651"]
[BlackElo "1503"]
[PlyCount "137"]
[EventDate "2018.01.04"]
[EventType "swiss"]
[EventRounds "7"]
[EventCountry "GER"]
[SourceTitle "EXT 2022"]
[Source "ChessBase"]
[SourceDate "2021.10.06"]
[SourceVersion "1"]
[SourceVersionDate "2021.10.06"]
[SourceQuality "1"]

1. e4 c5 2. Nc3 e6 3. f4 Nc6 4. Nf3 Nge7 5. Bb5 a6 6. Bxc6 Nxc6 7. 0-0 b5 8. d3 Bb7 9. Qe1 Nb4 10. Qe2 d5 11. exd5 Nxd5 12. f5 Qb6 13. Re1 Nc7 14. fxe6 Nxe6 15. Ng5 c4+ 16. Be3 cxd3 17. Qxd3 Bc5 18. Bxc5 Qxc5+ 19. Qe3 Qxe3+ 20. Rxe3 0-0 21. Nxe6 fxe6 22. Rxe6 Rf7 23. Rae1 Raf8 24. Re7 Rxe7 25. Rxe7 Bc8 26. a4 bxa4 27. Nxa4 Bf5 28. Re2 Rc8 29. c3 Bd3 30. Rd2 Bb5 31. Nb6 Rf8 32. c4 Bc6 33. c5 Bb5 34. Rf2 Re8 35. h3 Re1+ 36. Kh2 Bc6 37. Rd2 Re6 38. b4 h6 39. Ra2 Bb5 40. Kg3 Re3+ 41. Kf2 Rb3 42. Rc2 Bc6 43. Nc8 Kf8 44. Na7 Be4 45. Re2 Rxb4 46. c6 Rc4 47. Rxe4 Rxe4 48. c7 Rc4 49. c8Q+ Rxc8 50. Nxc8 Ke8 51. Nd6+ Ke7 52. Nf5+ Kf6 53. g4 h5 54. Ke3 hxg4 55. hxg4 g6 56. Nd4 a5 57. Kf4 g5+ 58. Ke4 a4 59. Nc2 Ke6 60. Na3 Kf6 61. Kd4 Ke6 62. Nc4 Kf6 63. Kd5 Kf7 64. Ke5 Kg6 65. Ke6 Kh6 66. Kf6 Kh7 67. Kxg5 Kg7 68. Na3 Kh7 69. Kf6 1-0

[Event "Niedersachsen-ch op B"]
[Site "Verden"]
[Date "2018.01.04"]
[Round "1"]
[White "Frese, Immo"]
[Black "Helmer, Andreas"]
[Result "1-0"]
[WhiteElo "1654"]
[BlackElo "1503"]
[PlyCount "81"]
[EventDate "2018.01.04"]
[EventType "swiss"]
[EventRounds "7"]
[EventCountry "GER"]
[SourceTitle "EXT 2022"]
[Source "ChessBase"]
[SourceDate "2021.10.06"]
[SourceVersion "1"]
[SourceVersionDate "2021.10.06"]
[SourceQuality "1"]

1. e4 e6 2. d4 d5 3. Nd2 Nf6 4. e5 Nfd7 5. Bd3 c5 6. c3 Nc6 7. Ne2 cxd4 8. cxd4 Be7 9. 0-0 f6 10. exf6 Nxf6 11. Nf3 Bd7 12. Re1 Qb6 13. Nf4 Nd8 14. Qe2 Bb4 15. Bd2 Bxd2 16. Qxd2 0-0 17. a4 Re8 18. a5 Qd6 19. Ne5 a6 20. Re3 Nf7 21. h4 Rad8 22. Rae1 Bc8 23. g4 Qf8 24. g5 Nxe5 25. Rxe5 Ng4 26. R5e2 Qd6 27. f3 e5 28. fxg4 e4 29. Ng2 Bxg4 30. Re3 Bf3 31. Be2 Rf8 32. Rf1 Qg3 33. Rf2 Rf4 34. Rexf3 Rxf3 35. Bxf3 exf3 36. Qf4 Qh3 37. Rxf3 Qe6 38. Qf5 Qe7 39. Re3 Qc7 40. Qe6+ Kf8 41. Rf3+ 1-0

[Event "Niedersachsen-ch op-C"]
[Site "Verden"]
[Date "2017.01.08"]
[Round "7"]
[White "Helmer, Andreas"]
[Black "Lau, Robert1111"]
[Result "0-1"]
[WhiteElo "1644"]
[BlackElo "1797"]
[PlyCount "103"]
[EventDate "2017.01.05"]
[EventType "swiss"]
[EventRounds "7"]
[EventCountry "GER"]
[SourceTitle "CBM 187 Extra"]
[Source "ChessBase"]
[SourceDate "2018.11.04"]
[SourceVersion "1"]
[SourceVersionDate "2018.11.04"]
[SourceQuality "1"]

1. d4 d5 2. Nf3 g6 3. Nc3 Bg7 4. Bf4 c6 5. Qd2 Nf6 6. 0-0-0 0-0 7. h3 a5 8. Bh6 b5 9. Bxg7 Kxg7 10. b3 b4 11. Na4 Ne4 12. Qe3 Nd7 13. Nd2 Nxd2 14. Qxd2 Ba6 15. e3 Bb5 16. Nc5 Nxc5 17. dxc5 e6 18. Qd4+ Kg8 19. f4 Qe7 20. Kd2 Rfb8 21. Ra1 a4 22. Be2 Qh4 23. Bxb5 Rxb5 24. Ke2 Qe7 25. Kd3 Qxc5 26. Qb2 a3 27. Qe5 Qe7 28. Qg5 Qxg5 29. fxg5 Rc5 30. Rac1 Rc3+ 31. Kd2 Kf8 32. Rhf1 Ke7 33. Rf3 Ra7 34. Rcf1 Ke8 35. Rf6 Rd7 36. R6f3 c5 37. Kc1 Rc7 38. e4 Rxf3 39. gxf3 dxe4 40. fxe4 Rd7 41. Rd1 Rxd1+ 42. Kxd1 Kd7 43. e5 Kc6 44. Kd2 Kd5 45. c4+ Kxe5 46. Ke3 Kf5 47. h4 Kg4 48. Ke4 Kxh4 49. Ke5 Kxg5 50. Kd6 h5 51. Kxc5 h4 52. Kb6 0-1